You Don't Know/I Am The One - Next To Normal - Statistics

General Stats
  • This quiz has been taken 86 times
  • The average score is 498 of 578
Answer Stats
Answer % Correct
a
100%
I
100%
I?
100%
a
100%
I
100%
the
100%
you
100%
know?
100%
know
100%
know,
100%
know"
100%
the
100%
The
100%
you
100%
you,
100%
You
100%
"You
100%
you?
100%
who
98%
on
98%
to
98%
who
98%
Who
98%
am,
95%
am
95%
and
95%
And
95%
am
95%
And
95%
in
95%
What
95%
what
95%
do
93%
Do
93%
one
93%
that
93%
one
93%
that
93%
That
93%
your
93%
you're
93%
don't
90%
Don't
90%
It
90%
it
90%
It's
90%
it's
90%
of
90%
of?
90%
Oh,
90%
you'rе
90%
die
88%
feel
88%
go"
88%
go
88%
just
88%
jealous
88%
just
88%
"Let
88%
let
88%
like
88%
Like
88%
me
88%
me,
88%
me?
88%
up
88%
wake
88%
when
88%
When
88%
dead?
85%
hurt
85%
hurting,
85%
hurting
85%
hurting?
85%
morning
85%
so
85%
So
85%
alive?
83%
be
83%
Can
83%
can
83%
can't
83%
for
83%
head?
83%
help
83%
I'm
83%
need
83%
read
83%
why
83%
Why
83%
why?
83%
but
80%
But
80%
Dad,
80%
give
80%
give?
80%
give
80%
is
80%
see?
80%
see
80%
afraid
78%
damn
78%
Hey,
78%
hold
78%
damn
78%
if
78%
If
78%
if
78%
lift
78%
live
78%
live?
78%
obituaries
78%
say
78%
say,
78%
tell
78%
Tell
78%
won't
78%
Are
76%
at
76%
long
76%
look
76%
Look
76%
refugee,
76%
touch
76%
will
76%
Will
76%
always
73%
been
73%
cares
73%
Does
73%
holding
73%
always
73%
been
73%
cares
73%
who's
73%
knowing
73%
not
73%
now
73%
run
73%
show
73%
way
73%
who's
73%
you'll
73%
all
71%
'Cause
71%
doesn't
71%
done
71%
exactly
71%
feeling
71%
fine
71%
forever
71%
How
71%
there
71%
I've
71%
kill
71%
never
71%
sure
71%
there
71%
too
71%
wanting
71%
cliffside,
68%
ground
68%
hit
68%
life
68%
she
68%
Then
68%
We've
68%
back
66%
black
66%
broken?
66%
falling,
66%
fugitive
66%
living
66%
low
66%
make
66%
screaming,
66%
something
66%
sound
66%
walk
66%
white
66%
wrong
66%
away
63%
dive
63%
fades
63%
grey
63%
had
63%
think
63%
keeps
63%
once
63%
terrifies
63%
think
63%
wishing?
63%
wonder
63%
world
63%
bruised?
61%
colour
61%
day-by-day-by-day-by-day
61%
gets
61%
knows
61%
knows
61%
tomorrow
61%
watch
61%
Could
59%
sensation
59%
should
59%
helped
56%
Or
56%
That's
56%
thought
56%
as
54%
drown
54%
hoping
54%
lays
54%
rushing
54%
under?
51%
waiting?
51%
bleeding?
49%
healing?
46%
hear
44%
leave
44%
who'll
44%
Really?
39%
stay
37%
Yeah,
37%
ain't
32%
alright?
29%
needs
17%
No matching quizzes found
Score Distribution
Percent of People with Each Score
Percentile by Number Answered
Your Score History
You have not taken this quiz